| 000 | 01076cam a2200325 i 4500 | ||
|---|---|---|---|
| 001 | 200467147 | ||
| 003 | TR-AnTOB | ||
| 005 | 20260121121033.0 | ||
| 007 | ta | ||
| 008 | 130122s2011 tu h 000 0 tur d | ||
| 020 | _a9789751735744 | ||
| 040 |
_aBGZ _beng _erda _cBGZ |
||
| 041 | 0 | _aara | |
| 060 |
_aWZ 290 _bB620 2011 |
||
| 096 |
_aWZ 290 _bB620 2011 |
||
| 100 | 1 |
_aBiruni, Muhammad ibn Ahmad, _d973?-1048 _eauthor _947330 |
|
| 245 | 1 | 0 |
_aSaydanah fī al-Ṭibb / _cEbu'r-Reyhan El-Beyruni. |
| 264 | 1 |
_aAnkara : _bT.C. Kültür ve Turizm Bakanlığı, _c2011. |
|
| 300 |
_a133 pages ; _c24 cm. |
||
| 336 |
_atext _btxt _2rdacontent |
||
| 337 |
_aunmediated _bn _2rdamedia |
||
| 338 |
_avolume _bnc _2rdacarrier |
||
| 490 | 1 |
_aT.C. Kültür ve Turizm Bakanlığı Kütüphaneler ve Yayımlar Genel Müdürlüğü ; _v3317. _aBilimin ve Felsefenin Doğulu Öncüler Dizisi ; _v2 |
|
| 504 | _aBIBINDX | ||
| 650 | 2 |
_aPharmacy _9129703 |
|
| 650 | 2 |
_aMateria Medica _99659 |
|
| 650 | 2 |
_aMedicine, Arabic _2etuturkob _913728 |
|
| 942 |
_2NLM _cBK |
||
| 999 |
_c200467147 _d85359 |
||